3x3 Word Blitz Quiz Stats

 Plays Quiz Updated Dec 21, 2018

Support Sporcle.
Go Orange.
Score 0/9 Timer 00:30
3 Plays Today
% Correct
rob
95.7%
sap
93.5%
has
90.3%
orb
89.3%
asp
85.8%
ash
81.1%
spa
77.6%
bro
73.9%
ahs
49.5%

From the Vault

Words Within Words 'L' Blitz

by Scuadrado

Language 90s
Hopefully you know what the 'L' you're doing.
Remove Ads.
Support Sporcle.
Get the best of Sporcle when you Go Orange. This ad-free experience offers more features, more stats, and more fun while also helping to support Sporcle. Thank you for becoming a member.

Show Comments

Extras

Top Quizzes Today


Score Distribution

Your Account Isn't Verified!

In order to create a playlist on Sporcle, you need to verify the email address you used during registration. Go to your Sporcle Settings to finish the process.

Report this User

Report this user for behavior that violates our Community Guidelines.

Details: